| 000 | 02677nam a2200277 a 4500 | ||
|---|---|---|---|
| 001 | 000001574 | ||
| 005 | 20200929145626.0 | ||
| 008 | 090623s2003 dr a 001 0 spa d | ||
| 040 |
_aDO-SdBNP _bspa _cBNPHU |
||
| 082 |
_a231.7 _bJ61e |
||
| 100 | 1 |
_aJiménez Paniagua, Jesús, _d1941- _95155 |
|
| 245 | 1 | 0 |
_aEnamórate de Jesucristo : _b(pinceladas de amor de Dios) / _cJesús Jiménez Paniagua. |
| 246 | 1 | 4 |
_aEnamórate de Jesucristo : _b(pinceladas de amor de Dios). El libro que nos enseña a amar y a sentirnos amado por Dios |
| 260 |
_aSanto Domingo : _bInstituto Técnico Salesiano, _c2003. |
||
| 300 |
_a112 p. : _bil. ; _c21 cm. |
||
| 500 | _aIncluye carta del Mons. Francisco José Arnaiz, Obispo Auxiliar: p. 7 | ||
| 500 | _aIncluye datos biográficos del autor en la contracubierta | ||
| 504 | _aBibliografía : p. 112 | ||
| 505 | 0 |
_gPresentación -- _tCarta de Monseñor Arnaiz -- _tIntroducción -- _tDios es amor -- _tEl amor (poema) -- _tDios te ama -- _tLa fuente del amor -- _tTambién tú puedes amar -- _tCuando se ama, llega la felicidad -- _tPinceladas de amor (poema) -- _tAbrazados en el corazón -- _tEl acto más sublime del amor de Dios -- _tMás sobre el sacramento del amor -- _tOración de San Alfonso María de Ligorio -- _tAbrirse al amor de Dios y a su salvación -- _tCon amor eterno -- _tNuevo mandamiento -- _tEn las palmas de sus manos -- _tValoriza tu vida -- _tAmor al prójimo -- _tAma y actúa -- _tAmor en la familia -- _tPor amor al hombre envió Dios a su hijo único -- _tDios te ha elegido por el amor que te tiene -- _tDios, "el que es", en verdad y amor -- _tAmor eterno, gratuito de Dios -- _tValor de la salvación -- _tDar respuesta de Fé a Jesús -- _tLa grandeza de Dios y debilidad del hombre -- _tDe la ternura y el amor de Dios -- _tEn la palma de mis manos -- _tSólo el amor de Dios libera -- _tVivencia del amor de Dios -- _tEl amor, don de Dios -- _tNo retiraré mi amor -- _tNo retiraré mi amor -- _tEl amor -- _tDios me ama a mí -- _tNada más perfecto que el amor -- _tSer amado y amar -- _tHacia el verdadero amor -- _tEl padre me ama -- _tEl amor a Jesús por encima de todas las cosas -- _tAmar a Dios, no con amor humano -- _tMi hijo amado -- _tAmar a Dios de corazón -- _tFirmeza del amor de Dios -- _tLema del cristiano: amar y servir -- _tEl señorío de Jesús, en mi vida, en tu vida -- _tPor amor has sido elegido -- _tTodo lo puedo en aquel que me fortalece -- _tHas presente a Jesús en tu vida. |
|
| 590 | _aInventariado, 2018/BT | ||
| 650 | 4 |
_aJesucristo _91304 |
|
| 650 | 4 |
_aAmor de dios _xEnseñanza bíblica _95156 |
|
| 650 | 4 |
_aBiblia n.t _xComentarios _95157 |
|
| 650 | 4 |
_aVirgen maría _95158 |
|
| 910 | _aValidado. Control de calidad. EMS | ||
| 999 |
_c1471 _d1471 |
||